Manual de derecho civil español
Guardat en:
| Autor principal: | |
|---|---|
| Format: | Llibre |
| Idioma: | espanyol |
| Publicat: |
Madrid
Revista de Derecho Privado
1978
|
| Edició: | 5a. ed |
| Col·lecció: | Manuales de Derecho, Economía y Hacienda
|
| Matèries: | |
| Etiquetes: |
Afegir etiqueta
Sense etiquetes, Sigues el primer a etiquetar aquest registre!
|
MARC
| LEADER | 00000nam a2200000 a 4500 | ||
|---|---|---|---|
| 001 | UCS1623 | ||
| 003 | CL-VaPUC | ||
| 008 | 970515e19780000SP |||||||||||||||||spa|d | ||
| 082 | 0 | 4 | |a 346.46 |b ESP |2 21 |
| 100 | 0 | |a Espín Cánovas, Diego |e author |9 386236 | |
| 245 | 1 | 0 | |a Manual de derecho civil español |
| 250 | |a 5a. ed | ||
| 300 | |a v | ||
| 942 | |c BK | ||
| 945 | |d 19970515 00:00:00 |a cmena | ||
| 260 | |a Madrid |b Revista de Derecho Privado |c 1978 | ||
| 500 | |a v.3: Obligaciones y contratos | ||
| 500 | |a v.5: Sucesiones | ||
| 650 | 0 | |a Derecho civil |9 255013 | |
| 650 | 0 | |a Derecho español |9 255291 | |
| 650 | 0 | |a Código civil |9 256135 | |
| 650 | 0 | |a Obligaciones |9 255578 | |
| 650 | 0 | |a Responsabilidad contractual |9 256720 | |
| 650 | 0 | |a Contratos |9 255153 | |
| 650 | 0 | |a Derecho comparado |9 255664 | |
| 650 | 7 | |a RESPONSABILIDAD CIVIL |2 CL-VaPUC |9 386237 | |
| 650 | 0 | |a Arrendamiento |9 257654 | |
| 650 | 0 | |a Compraventa |9 255413 | |
| 650 | 0 | |a Derecho sucesorio |9 255015 | |
| 650 | 0 | |a Herencia |9 256325 | |
| 650 | 0 | |a Herederos |9 357054 | |
| 650 | 0 | |a Testamento |9 258220 | |
| 650 | 0 | |a Derecho comparado |9 255664 | |
| 650 | 0 | |a Filiación |9 256647 | |
| 651 | 0 | |a España |9 254926 | |
| 583 | |a last modification |c 19970515 00:00:00 |k Rodrigo Vera | ||
| 490 | 0 | |a Manuales de Derecho, Economía y Hacienda | |
| 999 | |c 259660 |d 259658 | ||
| 952 | |0 0 |1 0 |4 0 |6 346_460000000000000_ESP_1978 |7 0 |8 A |9 284870 |a BIBDER |b BIBDER |d 2019-11-19 |h v.3 |i 185285K |o 346.46 ESP 1978 |p 185285K |r 2023-01-25 |w 2019-11-19 |y BK |k DER | ||
| 952 | |0 0 |1 0 |4 0 |6 346_460000000000000_ESP_1978 |7 0 |8 A |9 284871 |a BIBDER |b BIBDER |d 2019-11-19 |h v.5 |i 1852868 |o 346.46 ESP 1978 |p 1852868 |r 2023-01-25 |w 2019-11-19 |y BK |k DER | ||